000 00206nam a22000977a 4500
003 SGT
245 _aFluoride
260 _bInternational Society for Fluoride Research
_c2018
300 _a388
942 _2ddc
_cBV
999 _c30396
_d30396